00321nam a2200121Ia 4500008004100000040001700041041001200058082001800070100002900088245003700117260003400154300001100188230917s9999||||xx |||||||||||||| ||und|| e147842aMAIN aEnglish a301.045 M739M aMommsen, Wolfgang J, ed. 0aMax Weber and his contemporaries aLondonbAllen and Unwinc1987 a591 p.